000 00753cam a22002533a 4500
001 17971
003 PGUSA
005 20140828083401.0
008 060312s2006||||xxu|||||s|||||000 | eng d
040 _aPGUSA
_beng
042 _adc
050 4 _aE456
050 4 _aKF
245 1 4 _aThe Abolition Of Slavery The Right Of The Government Under The War Power
_h[electronic resource]
260 _bProject Gutenberg,
_c2006
506 _aPublic domain in the USA.
516 _aElectronic text
653 _aWar and emergency powers -- United States
653 _aSlavery -- United States
700 1 _aGarrison, William Lloyd,
_d1805-1879
830 0 _aProject Gutenberg
_v17971
856 4 0 _uhttp://www.gutenberg.org/ebooks/17971
942 _cEB
999 _c247226
_d247226